| 000 | 00366pab a2200133 454500 | ||
|---|---|---|---|
| 008 | 180718b1997 xxu||||| |||| 00| 0 eng d | ||
| 245 | _aSPECIAL issue on local government reorganisation: the review and its aftermath | ||
| 260 | _c1997 | ||
| 300 | _ap.1-130 | ||
| 362 | _aAutumn | ||
| 650 | _aLocal government | ||
| 773 | _aLocal Government Studies | ||
| 909 | _a36238 | ||
| 999 |
_c36238 _d36238 |
||